| 000 | 01074cam a22002651 4500 | ||
|---|---|---|---|
| 001 | med47001728 | ||
| 003 | DLC | ||
| 005 | 20260227111603.0 | ||
| 008 | 810815s1946 xx af 000 0 eng | ||
| 010 | _amed47001728 | ||
| 035 | _a(OCoLC)14732844 | ||
| 040 |
_aDLC _cDNLM _dOCoLC _dDLC |
||
| 042 | _apremarc | ||
| 050 | 0 | 0 |
_aR11 _b.A76 vol. 3 |
| 060 | 0 |
_aWC 542 _bZ69v 1946 |
|
| 100 | 1 |
_aZilʹber, L. A. _q(Lev Aleksandrovich), _d1894-1966. |
|
| 245 | 1 | 0 |
_aFar Eastern tick-borne spring-summer (spring) encephalitis _c[by] L. A. Silber and V. D. Soloviev ... |
| 260 |
_aNew York, _bAmerican-Soviet medical society, _cc1946. |
||
| 300 |
_a80 p. _bill., plates. |
||
| 500 | _aIssued as Special supplement to the American review of Soviet medicine. | ||
| 500 | _a"Edited by Dr. Bernard D. Davis, Dr. Saul H. Fisher, and Dr. Jacob Heiman." - p. [2] | ||
| 500 | _a"Translated from original manuscript Vesenne-letni (vesenni) Kleshchevoi dalnevostochny entsefalit, 1944." - p. 74. | ||
| 504 | _a"References": p. 74-80. | ||
| 700 | 1 |
_aSolovʹev, Valentin Dmitrievich, _d1907- |
|
| 999 |
_c38382 _d38382 |
||